Aerobic cho mọi người
Giới thiệu các động tác thể dục nhịp điệu
Đã lưu trong:
| 格式: | 圖書 |
|---|---|
| 語言: | Undetermined |
| 出版: |
Thành phố Hồ Chí Minh
SaiGon SaFaCo
[2009]
|
| 主題: | |
| 標簽: |
添加標簽
沒有標簽, 成為第一個標記此記錄!
|
| Thư viện lưu trữ: | Trung tâm Học liệu Trường Đại học Cần Thơ |
|---|
| LEADER | 00824nam a2200193Ia 4500 | ||
|---|---|---|---|
| 001 | CTU_168638 | ||
| 008 | 210402s9999 xx 000 0 und d | ||
| 020 | |c 38000 | ||
| 082 | |a 796.44 | ||
| 082 | |b A252/T.1 | ||
| 245 | 0 | |a Aerobic cho mọi người | |
| 245 | 0 | |c Trần Ngọc Trí, Nguyễn Anh Tài (Giám đốc sản xuất), Hải Yến (biên tập), Trinh Phương (chủ nhiệm) | |
| 260 | |a Thành phố Hồ Chí Minh | ||
| 260 | |b SaiGon SaFaCo | ||
| 260 | |c [2009] | ||
| 520 | |a Giới thiệu các động tác thể dục nhịp điệu | ||
| 650 | |a Aerobic dancing,Aerobic exercises,Sự khiêu vũ thể dục nhiệp điệu,Bài tập thể dục nhịp điệu | ||
| 904 | |i Năm | ||
| 980 | |a Trung tâm Học liệu Trường Đại học Cần Thơ | ||